Religion Quiz

Random Religion or Letter Quiz

Pope Names Hangman - Easy Quiz Stats

Quiz not verified by Sporcle

Challenge
Share
Tweet
Score 0/162 Timer 05:00
0 Plays Today
Hint Answer % Correct
I4???
96.8%
S4???
96.8%
4-letter???
95.7%
P4???
95.7%
U4???
95.7%
V4???
95.7%
X4???
95.7%
Y4???
95.7%
W4???
94.7%
Z4???
94.7%
Q4???
91.5%
B4???
90.4%
C4???
90.4%
K4???
90.4%
A5???
90.4%
I8???
90.4%
D4???
89.4%
F4???
89.4%
G4???
89.4%
H4???
89.4%
J4???
89.4%
E8???
89.4%
C8???
88.3%
N8???
88.3%
8-letter???
87.2%
B8???
87.2%
D8???
87.2%
T8???
87.2%
N5???
86.2%
R5???
86.2%
A6???
86.2%
E7???
86.2%
V8???
86.2%
X8???
86.2%
M4???
85.1%
R4???
85.1%
I6???
85.1%
Y8???
85.1%
E9???
85.1%
S9???
85.1%
L4???
84%
T4???
84%
B5???
84%
N6???
84%
R6???
84%
Q8???
84%
W8???
84%
Z8???
84%
L9???
84%
5-letter???
83%
U5???
83%
D6???
83%
M7???
83%
F8???
83%
Hint Answer % Correct
K8???
83%
N4???
81.9%
V5???
81.9%
X5???
81.9%
6-letter???
81.9%
L7???
81.9%
N7???
81.9%
T7???
81.9%
G8???
81.9%
H8???
81.9%
R9???
81.9%
T9???
81.9%
V9???
81.9%
Y9???
81.9%
Z5???
80.9%
X6???
80.9%
7-letter???
80.9%
C7???
80.9%
P8???
80.9%
9-letter???
80.9%
Q5???
79.8%
V6???
79.8%
X7???
79.8%
K5???
78.7%
W5???
78.7%
Y5???
78.7%
Q6???
78.7%
W6???
78.7%
Z6???
78.7%
V7???
78.7%
J8???
78.7%
Q7???
77.7%
Z7???
77.7%
M8???
77.7%
O4???
76.6%
J5???
76.6%
Y6???
76.6%
W7???
76.6%
L8???
76.6%
Z9???
76.6%
F5???
75.5%
F6???
75.5%
Q9???
75.5%
X9???
75.5%
K6???
74.5%
G5???
73.4%
J6???
73.4%
F7???
73.4%
Y7???
73.4%
W9???
73.4%
H5???
72.3%
M5???
72.3%
J7???
72.3%
C5???
71.3%
Hint Answer % Correct
D5???
71.3%
L5???
71.3%
P5???
71.3%
J9???
71.3%
G6???
70.2%
H6???
70.2%
K7???
70.2%
P7???
70.2%
P6???
69.1%
R8???
69.1%
T5???
68.1%
B6???
68.1%
U8???
68.1%
G7???
67%
G9???
67%
K9???
67%
O6???
66%
U6???
66%
S8???
66%
F9???
66%
P9???
66%
E4???
64.9%
S5???
64.9%
O8???
64.9%
H9???
64.9%
H7???
63.8%
C6???
62.8%
D7???
61.7%
L6???
60.6%
B9???
60.6%
D9???
60.6%
M6???
58.5%
B7???
58.5%
M9???
58.5%
C9???
57.4%
A4???
56.4%
O5???
53.2%
T6???
53.2%
U7???
50%
A8???
50%
S6???
47.9%
N9???
47.9%
I5???
46.8%
E6???
46.8%
O7???
45.7%
E5???
44.7%
R7???
44.7%
I7???
38.3%
S7???
38.3%
O9???
25.5%
U9???
25.5%
A7???
20.2%
I9???
20.2%
A9???
14.9%

You're not logged in!

Compare scores with friends on all Sporcle quizzes.
Sign Up with Email
OR
Log In

You Might Also Like...

Show Comments

Extras

Top Quizzes Today


Score Distribution

Your Account Isn't Verified!

In order to create a playlist on Sporcle, you need to verify the email address you used during registration. Go to your Sporcle Settings to finish the process.